| 000 | 01035nas a2200313 4500 | ||
|---|---|---|---|
| 001 | BR2019001586 | ||
| 003 | BR-BrBNA | ||
| 005 | 20231205131935.0 | ||
| 007 | ta | ||
| 008 | 230509b bl.|||p| |||| 00| 00por d | ||
| 040 |
_aBR-BrBNA _bpor _cBiblioteca Nacional de Agricultura |
||
| 041 | _a(Pt) | ||
| 072 | _aF01 | ||
| 100 | 1 | _aNovelli, D.S. | |
| 100 | 1 | _aAraújo Neto, S.E. de | |
| 100 | 1 | _aSilva, P.C.P.F.J. da | |
| 100 | 1 | _aDamasceno, R.G.L. | |
| 100 | 1 | _aSilva, I.F. da | |
| 245 | 1 | _aMorfoanatomia foliar de cupuaçuzeiros estabelecidos por diferentes métodos de propagação e sombreamento | |
| 650 | _aCUPUAÇU | ||
| 650 | _aSOMBREAMENTO | ||
| 650 | _aCULTIVO MÚLTIPLO | ||
| 650 | _aPRÁTICA CULTURAL | ||
| 650 | _aANATOMIA VEGETAL | ||
| 773 | 0 |
_tRevista Brasileira de Fruticultura (Brazil) _xISSN 1806-9967 _g(Oct-Dec 2015), v. 37(4) p. 934-942 _wBR2019001586 |
|
| 856 | 4 | 0 | _uhttp://www.scielo.br/pdf/rbf/v37n4/0100-2945-rbf-37-4-934.pdf |
| 909 |
_a202311 _bLúcia _c55 _dLúcia Elande |
||
| 942 |
_2AGRIS _n0 _cANA |
||
| 999 |
_c257594 _d257594 |
||